Servopohon s asynchrónnym motorom

Guardado en:
Detalles Bibliográficos
Autor principal: Magda, Dávid (Autor)
Otros Autores: Bélai, Igor (Orientador)
Formato: Manuscrito Libro
Lenguaje:eslovaco
Publicado: Bratislava : STU v Bratislave FEI, 2024
Materias:
Acceso en línea:https://opac.crzp.sk/?fn=detailBiblioFormChildS13IAJ&sid=AA0D9432EF6DE826C2141A4F11D3&seo=CRZP-detail-kniha
Etiquetas: Agregar Etiqueta
Sin Etiquetas, Sea el primero en etiquetar este registro!

MARC

LEADER 00000ntm a22000003a 4500
001 stuzp97881
003 SK-STU
005 20250424134308.4
007 ta
008 150427s2015----xo-----f-mn---000-0-slo-d
040 |a STU  |b slo 
041 0 |a slo 
044 |a xo 
100 1 |a Magda, Dávid  |u 030400  |4 aut  |U FEI Fakulta elektrotechniky a informatiky  |T FEI Ústav automobilovej mechatroniky  |X 92442  |U E400  |Y 642  |7 92442 
242 0 1 |a Asynchronous motor servo drive  |y eng 
245 1 0 |a Servopohon s asynchrónnym motorom 
260 |a Bratislava :  |b STU v Bratislave FEI,  |c 2024 
300 |a 62 s., príl. 
650 4 |a Matlab  |2 slo 
650 4 |a asynchrónny motor  |2 slo 
650 4 |a OPC UA  |2 slo 
650 4 |a frekvenčný menič  |2 slo 
650 4 |a Matlab  |2 eng 
650 4 |a asynchronous motor  |2 eng 
650 4 |a OPC UA  |2 eng 
650 4 |a frequency converter  |2 eng 
700 1 |a Bélai, Igor  |u 030400  |k Z1  |4 ths  |U FEI Fakulta elektrotechniky a informatiky  |T FEI Ústav automobilovej mechatroniky  |X 4947  |U E400  |Y 642  |7 A000004947 
856 4 |u https://opac.crzp.sk/?fn=detailBiblioFormChildS13IAJ&sid=AA0D9432EF6DE826C2141A4F11D3&seo=CRZP-detail-kniha